000 00328nam a2200133Ia 4500
008 231129s1962||||xx |||||||||||||| ||spa||
040 _bspa
082 _a792.02 S784un
100 _aStanislavski Constantin
245 0 _aUn actor se prepara (An actor prepares)
260 _c1962
264 _aConstancia
942 _2ddc
_cBKS
999 _c25775
_d25775